000 00232nam a22000857a 4500
008 221010b |||||||| |||| 00| 0 eng d
100 _aRowling.J.K
245 _aHarry Potter ( The Half Blood Prince )
260 _aLondon
_bBloomsburt
_c2022
999 _c12067
_d12067